000 00876nam a2200277Ia 4500
003 OSt
005 20220926010141.0
006 a|||||r|||| 00| 0
007 ta
008 220923b |||||||| |||| 00| 0 eng d
020 _cRs. 125.00
037 _b7914, 25/09/1985, BATRA
_cGeneral Book
040 _aRTL
_cRTL
_beng
041 _2eng
_aeng
082 _aY15-49.1(X).N8, M5
100 _aJain Devaki
_9131184
245 0 _aTyranny of the household
_b Investigative essays on women's work
260 _a New Delhi
_bVikas
_c1985
300 _axx,278p
_ccm.
490 _aWomen in Poverty
500 _aBibliography chapterwise
650 _aWorking Women
700 _a Banerjee Nirmala Ed.
_9146667
942 _hY15-49.1(X).N8, M5
_cGB
_2CC
999 _c616494
_d616494